[Event "RSA-chT U18"]
[Site "Cape Town"]
[Date "2016.01.06"]
[Round "6.4"]
[White "Naicker, Rylan"]
[Black "Minnaar, Hanjo"]
[Result "1-0"]
[WhiteElo "1215"]
[BlackElo "1204"]
[PlyCount "67"]
[EventDate "2016.01.04"]
[EventType "team-tourn"]
[EventRounds "7"]
[EventCountry "RSA"]
[SourceTitle "CBM 170 Extra"]
[Source "ChessBase"]
[SourceDate "2016.02.25"]
[SourceVersion "1"]
[SourceVersionDate "2016.02.25"]
[SourceQuality "1"]
[WhiteTeam "Ethekwini"]
[BlackTeam "Sedibeng"]
[WhiteTeamCountry "RSA"]
[BlackTeamCountry "RSA"]

1. d4 d5 2. c4 e6 3. Nc3 Nf6 4. Bg5 Nbd7 5. Nf3 c6 6. e3 Be7 7. Bd3 a6 8. 0-0 dxc4 9. Bxc4 b5 10. Bd3 h6 11. Bf4 0-0 12. Rc1 c5 13. b3 Bb7 14. Qe2 Re8 15. Rfd1 Rc8 16. dxc5 Bxc5 17. Ne5 Nd5 18. Nxd5 Bxd5 19. Qg4 Nf6 20. Qh3 h5 21. Bg5 Rc7 22. Qh4 Be7 23. h3 g6 24. Rxc7 Qxc7 25. Bxf6 Qxe5 26. Bxe7 Qc7 27. Bf6 e5 28. Qg5 Qd6 29. Bxg6 Re6 30. Bf5+ Kf8 31. Qg7+ Ke8 32. Bxe6 Bxe6 33. Rxd6 Bc8 34. Qg8# 1-0

[Event "RSA-chT U18"]
[Site "Cape Town"]
[Date "2016.01.04"]
[Round "2.4"]
[White "Naicker, Rylan"]
[Black "Du Toit, Brendan"]
[Result "1/2-1/2"]
[WhiteElo "1215"]
[BlackElo "1305"]
[PlyCount "38"]
[EventDate "2016.01.04"]
[EventType "team-tourn"]
[EventRounds "7"]
[EventCountry "RSA"]
[SourceTitle "CBM 170 Extra"]
[Source "ChessBase"]
[SourceDate "2016.02.25"]
[SourceVersion "1"]
[SourceVersionDate "2016.02.25"]
[SourceQuality "1"]
[WhiteTeam "Ethekwini"]
[BlackTeam "Tshwane"]
[WhiteTeamCountry "RSA"]
[BlackTeamCountry "RSA"]

1. d4 Nf6 2. c4 e6 3. Nc3 Bb4 4. Bg5 d5 5. e3 c6 6. Nf3 Nbd7 7. Bd3 Qa5 8. Qb3 0-0 9. 0-0 Bd6 10. Rfe1 Qc7 11. e4 dxe4 12. Nxe4 Nxe4 13. Rxe4 e5 14. Rae1 exd4 15. Rxd4 Nc5 16. Qc2 f5 17. a3 Ne6 18. Rh4 g6 19. b4 Be7 1/2-1/2